000 00385nam a2200181Ia 4500
001 607
005 20260306140530.0
008 260306t2011||||xx |||||||||||||| ||spa||
041 _aESP
082 _a128
_bP75
100 _aPolo, Leonardo
_eAUT
245 0 _aLa esencia del hombre
260 _c2011
300 _a
_c
650 _aGEN
654 _aCHU
942 _cLIB
_dJUS
_fJUS
_2ddc
_n
999 _c607
_d607